Регионална библиотека "Любен Каравелов" - Русе

Благодатни делници (Запис номер 125895)

MARC детайли
000 -Лидер
Контролно поле с фиксирана дължина 01567nam a2200409 c 4500
003 - Код на организацията, давaща контролен номер
Контролно поле BLK
005 - Дата и час на последна редакция
Контролно поле 20220530090654.0
008 - Елементи от данни с фиксирана дължина
fixed length control field 180409b bul|||||r ||||||| ||bul||
010 ## - Наследен системен номер
LC control number KNG00131574000
040 ## - Източник на каталожния запис
Идентификатор на билиотеката - собственик на записа BLK
041 ## - Код за език
Код за езика на текст/звукозапис или на отделно заглавие Български
Код за езика КДБФ Български
080 ## - УДК
Текстов определител УДК Лозарство. Лози
УДК код - определител по УДК 634.8
УДК определител (497.21-21)
УДК - код + определител 634.8(497.21-21)
100 1# - Редна дума - Автор
Автор Белчева, Маня
Авторска отговорност първи автор
R(LIN) 319720
139 ## - Редно поле
Редна дума Белчева, Маня
Авторски знак Тру - Т 87
245 10 - Сведения за заглавието
Заглавие Благодатни делници
Подзаглавни данни Очерк за Ганка Трънска, бригадирка на II лозарска бригада - гр. Кнежа
Редно поле (дума) Маня Белчева.
257 ## - Страна на издаване
Страна на създаване/издаване България
260 ## - Област на издателските данни
Име на издателя, разпространителя и проч. НС ОФ
Година на издаване 1966
Място на издаване, разпространение и проч. София
300 ## - Физическа характеристика
Страници 52 с.
Илюстрации и др. с ил.
Размери/Мащаб 21 см
380 ## - Жанр
Жанр Селско стопанство
490 ## - СЕРИИ (Колекции)
Име на серия Библиотека на жената
№: серия Г. Х, 2
9 (RLIN) 204926
500 ## - Общи забележки
Забележка 14 380 тир. - Съдържа и прил. Пролет и мода. 1 л. с модели.
600 14 - Име на лице, използвано като предмет
За него / За нея Трънска, Ганка
9 (RLIN) 319721
650 #4 - Допълнително описание по предмет – тема
Основно описание – тема или топоним ТКЗС - България
9 (RLIN) 250844
650 #4 - Допълнително описание по предмет – тема
Основно описание – тема или топоним Селско стопанство - челен опит
9 (RLIN) 319722
650 #4 - Допълнително описание по предмет – тема
Основно описание – тема или топоним Лозарство
9 (RLIN) 160787
651 #4 - Допълнително описание по предмет - топоним
Географско понятие Кнежа
9 (RLIN) 179042
651 #4 - Допълнително описание по предмет - топоним
Географско понятие България
9 (RLIN) 241624
653 ## - Ключова дума – ненормативна
Ключова дума ТКЗС
653 ## - Ключова дума – ненормативна
Ключова дума лозарство
653 ## - Ключова дума – ненормативна
Ключова дума бригадири
653 ## - Ключова дума – ненормативна
Ключова дума челен опит
852 ## - Местоположение
Форматна сигнатура Цб 37297
Фондова буква Хранилище
856 4# - Електронен адрес и достъп
Електронен формат pdf - файл
856 4# - Електронен адрес и достъп
Електронен формат pdf - файл
999 ## - СИСТЕМНИ КОНТРОЛНИ НОМЕРА
Koha biblionumber 125895
Koha biblioitemnumber 125895
942 ## - АРТИКУЛИ
Вид на библиотечния материал Книги
Скрит в OPAC Не
Периодичен библиозапис Да
944 ## - СЪЗДАВАНЕ И РЕДАКЦИЯ на ЗАПИСА
Създаване/Редакция Създаване
Дата на регистрацията/редакция 23.06.2012
Статус, дата на статуса 23.06.2012 - от С1,Р / 23.06.2012
Служител, извършил регистрацията/редакцията Радостина_Карадакова
944 ## - СЪЗДАВАНЕ И РЕДАКЦИЯ на ЗАПИСА
Създаване/Редакция Редакция
Дата на регистрацията/редакция 23.06.2012
Статус, дата на статуса 23.06.2012 - от С1,Р / 23.06.2012
944 ## - СЪЗДАВАНЕ И РЕДАКЦИЯ на ЗАПИСА
Създаване/Редакция Редакция
Дата на регистрацията/редакция 2022-05-30
999 ## - СИСТЕМНИ КОНТРОЛНИ НОМЕРА
Koha biblioitemnumber 125895
Наличности
Код за отписване Код за изгубен артикул Източник на класификационната схема Код за повреда Коз за рестрикции Код за отдаване Артикулен № Име на библиотеката - собственик Име на библиотеката, в която се намира в момента Статус (Текущо местоположение) Дата на вписване в системата Местоположение - отдел Цена в лева Инвентарен номер Систематично азбучна сигнатура Баркод Номер на екземпляра Цена в евро Служебна бележка Служебен тип на артикула
  Не е изгубен Universal Decimal Classification Не е повреден без рестрикции ползва се в читалня 204854 Регионална библиотека "Любен Каравелов" Русе Регионална библиотека "Любен Каравелов" Русе Хранилище 1966-01-01 Хранилище 0.10 6197/66 Цб 37297 900000097437 1 0.05 Дата: 01.01.1966 Книги
Vip Innovations Ltd, Rousse, Bulgaria 2025